000 00995nas a2200325 4500
001 BR0001886
003 BR-BrBNA
005 20231205101818.0
007 ta
008 230509b bl.|||p| |||| 00| 00por d
040 _aBR-BrBNA
_bpor
_cBiblioteca Nacional de Agricultura
041 _a(Pt)
072 _aL02
100 1 _aBurger, P.J.
100 1 _aPereira, J.C.
100 1 _aQueiroz, A.C. de
100 1 _aSilva, J.F.C. da
100 1 _aValadares Filho, S. de C.
100 1 _aCecon, P.R.
100 1 _aCasali, A.D.P.
245 1 _aComportamento ingestivo em bezerros Holandeses alimentados com dietas contendo diferentes niveis de concentrados
650 _aGado Holandes
650 _aDieta
650 _aRuminacao
650 _aConcentrado Proteico
650 _aMastigacao
773 0 _tRevista Brasileira de Zootecnia (Brazil)
_xISSN 1516-3598
_g(Jan-Feb 2000), v. 29(1) p. 236-242
_wBR0001886
909 _a202311
_bLúcia
_c55
_dLúcia Elande
942 _2AGRIS
_n0
_cANA
999 _c164093
_d164093